ODSC East 2019 (Open Data Science Conference /

ODSC East 2019 Royalties for this video set help fund the ODSC Grant Award for open source data science projects. The Open Data Science Conference has established itself as the leading conference in the field of applied data science. Each ODSC event offers a unique opportunity to learn directly from...

Full description

Bibliographic Details
Main Author: Conference, ODSC (Author)
Corporate Author: Safari, an O'Reilly Media Company
Format: eBook
Language:English
Published: Addison-Wesley Professional, 2020.
Edition:1st edition.
Subjects:
Online Access:Connect to this electronic resource

MARC

Tag First Indicator Second Indicator Subfields
LEADER 00000cgm a2200000 a 4500
001 in00004248613
005 20260130165454.4
006 m o d
007 cr cn
008 240320s2020 xx v eng
020 |z 013674687X 
035 |a (CaSebORM)9780136746874 
040 |d UtOrBLW 
041 0 |a eng 
100 1 |a Conference, ODSC,  |e author. 
245 1 0 |a ODSC East 2019 (Open Data Science Conference /  |c Conference, ODSC. 
250 |a 1st edition. 
264 1 |b Addison-Wesley Professional,  |c 2020. 
300 |a 1 online resource (1 video file, approximately 19 hr., 10 min.) 
336 |a two-dimensional moving image  |b tdi  |2 rdacontent 
337 |a computer  |b c  |2 rdamedia 
338 |a online resource  |b cr  |2 rdacarrier 
347 |a video file 
520 |a ODSC East 2019 Royalties for this video set help fund the ODSC Grant Award for open source data science projects. The Open Data Science Conference has established itself as the leading conference in the field of applied data science. Each ODSC event offers a unique opportunity to learn directly from the core contributors, experts, academics and renowned instructors helping shape the field of data science and artificial intelligence Presentations cover not only data science modeling but also the languages and tools needed to deploy these models in the real world such as TensorFlow, MXNet, scikit-learn, Kubernetes, and many more. Our conferences are organized around focus areas to ensure our attendees are at the forefront of this fast emerging field and current with the latest data science languages, tools, and models. You'll find in our East 2019 video catalog some of our most popular focus areas. Please see our table of contents for a full list of videos 
533 |a Electronic reproduction.  |b Boston, MA :  |c Safari,  |n Available via World Wide Web.  |d 2020. 
538 |a Mode of access: World Wide Web. 
542 |f ODSC Open Data Science Conference  |g 2020 
588 |a Online resource; Title from title screen (viewed January 14, 2020) 
500 |a Videorecording. 
655 7 |a Electronic videos.  |2 local 
710 2 |a Safari, an O'Reilly Media Company. 
856 4 0 |u https://proxy.library.tamu.edu/login?url=https://go.oreilly.com/TAMU/library/view/-/9780136746874/?ar  |z Connect to this electronic resource  |t 0 
999 f f |s d34d7b16-a9cf-3f00-a6f6-6e0c784d43a1  |i 4b86914e-6184-34fb-b0b0-a96f313d5ba3  |t 0 
952 f f |a Texas A&M University  |b College Station  |c Electronic Resources  |s www_evans  |d Available Online  |t 0  |h No information provided 
998 f f |t 0  |l Available Online